Statistics for Most Favorited Roblox Faces

Click here to take the quiz!

General Stats

  • This quiz has been taken 111 times
  • The average score is 6 of 20

Answer Stats

Limited?RobuxDescriptionFace% Correct
No15He's so happy!:]
100%
Yes39000+I am not sure if I have ever been this happy.Super Super Happy Face
65%
NoFree-Smile
53%
NoFreeIt's time to _____ax.Chill
39%
No70What's with this guy?Err...
38%
NoFreeA _______ _____ captives any audience.Winning Smile
35%
NoFree-Woman Face
24%
NoFreeI'm hip. I'm with it. I'm a whole new me!Check It
22%
No10People with ________ are more sensitive to the sun. Except in ROBLOX where people are generally made out of plastic.Freckles
22%
No35I brush my teeth 9 times a day to keep them extra sparkly!Shiny Teeth
22%
No12Dude...gum is going to taste so good when I get these off!Braces
21%
No30You're cynical and beutiful / You always make a scene / You're monochrome delirious / You're nothing that you seemDizzy
19%
No50So sleepy.....YAAAWWN.
18%
NoFreeSuper _____ ___ Face?Silly Fun
15%
No25He knows what's about to happen... and it's going to be funny.Know-It-All Grin
14%
No20It's a great day! Let's build something.Joyful Smile
11%
NoFree-Classic Female - Face
10%
No50Got nothing to do but smile!Smiling Girl
10%
No45You know what you want to say, but the right words don't come. It's just like a comic strip.Squiggle Mouth
8%
No35Ewwww...Sniffles
6%

Score Distribution

Percentile by Number Answered

Percent of People with Each Score

Your Score History

You have not taken this quiz